Verité de Pascal : essai sur la valeur apologétique des "Pensées" /

Bibliographic Details
Main Author: Journet, Charles
Format: Book
Language:French
Published: St. Maurice : Editions de l'oeuvre St. Augustin, 1951.
Subjects:

MARC

Tag First Indicator Second Indicator Subfields
LEADER 00000cam a2200000 i 4500
001 in00000759721
005 20151017050640.0
008 780824s1951 sz b 00110 fre d
035 |a (OCoLC)04165473 
035 |9 ADK1750AM 
040 |a CSA  |c CSA  |d m/c  |d TXA  |d UtOrBLW 
049 |a TXAM  |c [A11038102] 
050 4 |a B1903  |b .J67 1951 
100 1 |a Journet, Charles. 
245 1 0 |a Verité de Pascal :  |b essai sur la valeur apologétique des "Pensées" /  |c Charles Journet. 
264 1 |a St. Maurice :  |b Editions de l'oeuvre St. Augustin,  |c 1951. 
300 |a 329 pages ;  |c 20 cm. 
336 |a text  |b txt  |2 rdacontent 
337 |a unmediated  |b n  |2 rdamedia 
338 |a volume  |b nc  |2 rdacarrier 
504 |a Includes bibliographies and index. 
600 1 0 |a Pascal, Blaise,  |d 1623-1662.  |t Pensées. 
999 |a MARS 
999 f f |s 4908eb2b-27b7-3b2c-afff-e38dc1c39472  |i a3307ed7-b0b4-317e-b91f-8f0ae77d0a53  |t 0 
952 f f |p ric  |a Texas A&M University  |b Rellis Campus  |c Joint Library Facility  |d Remote Storage  |t 0  |e B1903 .J67 1951  |h Library of Congress classification  |i unmediated -- volume  |m A14811038102 
998 f f |a B1903 .J67 1951  |t 0  |l Remote Storage